000 00572nam a2200229Ia 4500
003 OSt
005 20220924153530.0
006 a|||||r|||| 00| 0
007 ta
008 220923b |||||||| |||| 00| 0 tam d
024 _a350611
037 _cTextual
040 _aARTS
_cARTS
_btam
041 _2tam
_atam
082 _aT.221, 31P0
100 _aSundara Ramasam Au.
_9229097
245 0 _aThamizhakattil kalvi
260 _c2000
650 _aEDUCATION
942 _hT.221, 31P0
_cTEXL
_2CC
999 _c473928
_d473928